Formes des pays commençant par L. - Statistiques

Statistiques générales
  • Ce quiz a été pris 54 fois
  • Le résultat moyen est 8 sur 9
Statistiques - réponses
Par images Réponse % Correct
Laos
98%
Libye
96%
Lituanie
96%
Lettonie
94%
Liban
88%
Liberia
81%
Luxembourg
79%
Liechtenstein
77%
Lesotho
71%
Aucun quiz correspondant
Distribution des résultats
% des personnes avec chaque résultat
Percentile par nombre de réponses
Votre historique - résultats
Vous n’avez pas pris ce quiz